Invisible US Presidents Quiz Stats

Quiz Updated Jan 20, 2017

Challenge
Share
Tweet
Embed
Score 0/45 Timer 03:00
23 Plays Today
Presidents % Correct
George Washington
98.1%
George W. Bush
96.1%
George H.W. Bush
96.1%
Barack Obama
95.1%
John Adams
94.9%
John Quincy Adams
94.6%
Franklin D. Roosevelt
92.7%
Theodore Roosevelt
92.4%
Abraham Lincoln
92.1%
Bill Clinton
91.9%
Thomas Jefferson
90.8%
John F. Kennedy
89.3%
Richard Nixon
88.9%
Andrew Johnson
88.2%
Ronald Reagan
88.2%
Lyndon B. Johnson
88.1%
Donald Trump
87.5%
Jimmy Carter
85.7%
Dwight D. Eisenhower
84%
Gerald Ford
83.9%
Andrew Jackson
83.7%
James Madison
82.1%
James Monroe
81.4%
Presidents % Correct
William Howard Taft
80%
Herbert Hoover
78.9%
Ulysses S. Grant
78.8%
Harry S Truman
78.3%
James K. Polk
76.1%
William Henry Harrison
75.1%
Benjamin Harrison
75%
Woodrow Wilson
74.5%
Calvin Coolidge
73.8%
Grover Cleveland
73.7%
Grover Cleveland
73.7%
John Tyler
72.9%
Zachary Taylor
70.2%
Martin Van Buren
69.7%
William McKinley
68.9%
James A. Garfield
67.6%
James Buchanan
64.6%
Millard Fillmore
64.3%
Franklin Pierce
64%
Warren G. Harding
62.8%
Chester Arthur
62.5%
Rutherford B. Hayes
59.3%

You're not logged in!

Compare scores with friends on all Sporcle quizzes.
Sign Up with Email
OR
Log In

You Might Also Like...

Show Comments

Extras

Top Quizzes Today


Score Distribution

Your Account Isn't Verified!

In order to create a playlist on Sporcle, you need to verify the email address you used during registration. Go to your Sporcle Settings to finish the process.